[Event "FIDE World Rapid Team"]
[Site "London ENG"]
[Date "2025.06.11"]
[Round "4.1"]
[White "Pichot, Alan"]
[Black "Hansen, Eric"]
[Result "1-0"]
[WhiteTitle "GM"]
[BlackTitle "GM"]
[WhiteElo "2588"]
[BlackElo "2609"]
[WhiteTeam "Duobeniajan Costa Calida ESJ"]
[BlackTeam "ChessbrahTV"]
[WhiteFideId "110973"]
[BlackFideId "2606771"]
[EventDate "2025.06.11"]
[EventType "team"]

1. e4 c5 2. Nf3 d6 3. Bb5+ Nd7 4. Ba4 Nf6 5. O-O g6 6. Re1 Bg7 7. c3 O-O 8. d4
e5 9. dxe5 Nxe5 10. Nxe5 dxe5 11. Qf3 c4 12. Bg5 a6 13. Nd2 b5 14. Bc2 h6 15.
Bxf6 Qxf6 16. Qe2 Be6 17. Nf1 Rfd8 18. Ne3 Ra7 19. b3 Rc7 20. b4 Rcd7 21. Red1
h5 22. a4 Bh6 23. axb5 axb5 24. Rxd7 Rxd7 25. h3 Qd8 26. Nf1 Kg7 27. Ra5 Qb6 28.
Qe1 Rd6 29. Ra1 Qd8 30. Ra5 Qb6 31. Ra1 h4 32. Qe2 Bf4 33. Qe1 Qd8 34. Qe2 Qg5
35. Qf3 Bd7 36. Kh1 Bc6 37. Rd1 Qd8 38. Ra1 f5 39. Qe2 Qg5 40. f3 Qf6 41. Qf2
fxe4 42. fxe4 Bg5 43. Qc5 Kh6 44. Nh2 Bd7 45. Rf1 Bf4 46. Rxf4 Qxf4 47. Qxd6
Qc1+ 48. Qd1 Qe3 49. Nf1 Qxc3 50. Qd2+ Qxd2 51. Nxd2 Kg5 52. Kg1 Kf4 53. Kf2 Bc6
54. Nb1 Bxe4 55. Bxe4 Kxe4 56. Nc3+ Kd3 57. Nxb5 Kd2 58. Nd6 c3 59. Nc4+ Kd1 60.
b5 1-0

[Event "FIDE World Rapid Team"]
[Site "London ENG"]
[Date "2025.06.11"]
[Round "4.2"]
[White "Ragnarsson, Dagur"]
[Black "Ibarra Jerez, Jose Carlos"]
[Result "1/2-1/2"]
[WhiteTitle "IM"]
[BlackTitle "GM"]
[WhiteElo "2349"]
[BlackElo "2545"]
[WhiteTeam "ChessbrahTV"]
[BlackTeam "Duobeniajan Costa Calida ESJ"]
[WhiteFideId "2304058"]
[BlackFideId "2226332"]
[EventDate "2025.06.11"]
[EventType "team"]

1. Nf3 d6 2. g3 g6 3. Bg2 Bg7 4. c4 Nf6 5. Nc3 O-O 6. O-O Nc6 7. d3 e5 8. Rb1 a5
9. b3 d5 10. Bg5 d4 11. Ne4 Ra6 12. a3 Qe7 13. b4 axb4 14. axb4 Nxb4 15. Nxe5 c5
16. Nf3 Bf5 17. Nh4 Bxe4 18. Bxe4 h6 19. Bxf6 Bxf6 20. Ng2 Be5 21. f4 Bg7 22. f5
g5 23. Qe1 Bf6 24. Qf2 Kg7 25. Qf3 Ra7 26. Qg4 Kh7 27. Qh5 Ra2 28. Ra1 Rfa8 29.
Rxa2 Rxa2 30. h4 gxh4 31. Nxh4 Nc2 32. Ng2 Ne3 33. Nxe3 dxe3 34. Rb1 b6 35. Rxb6
Qc7 36. Kg2 Qxb6 37. Qxf7+ Kh8 38. Qf8+ Kh7 39. Qf7+ Kh8 40. Qf8+ Kh7 41. Qf7+ 1/2-1/2

[Event "FIDE World Rapid Team"]
[Site "London ENG"]
[Date "2025.06.11"]
[Round "4.3"]
[White "Cuenca Jimenez, Jose Fernando"]
[Black "Delaney, Killian"]
[Result "1-0"]
[WhiteTitle "GM"]
[BlackTitle "FM"]
[WhiteElo "2487"]
[BlackElo "2275"]
[WhiteTeam "Duobeniajan Costa Calida ESJ"]
[BlackTeam "ChessbrahTV"]
[WhiteFideId "2255570"]
[BlackFideId "2501570"]
[EventDate "2025.06.11"]
[EventType "team"]

1. d4 d5 2. Bf4 c5 3. e3 cxd4 4. exd4 Nc6 5. Nf3 Bf5 6. c4 e6 7. c5 f6 8. h4 e5
9. dxe5 Bxc5 10. Be2 Bxb1 11. Rxb1 fxe5 12. Bxe5 Nxe5 13. Nxe5 Qa5+ 14. Kf1 Nf6
15. Bh5+ g6 16. Bf3 O-O 17. h5 g5 18. Bxd5+ Kh8 19. Nf7+ Rxf7 20. Bxf7 Rf8 21.
b4 Bxb4 22. Qb3 Bc5 23. Qe6 Qa6+ 24. Qxa6 bxa6 25. Rb7 Ne4 26. Rh3 Nd6 27. Rhb3
Rxf7 28. Rxf7 Nxf7 29. Rb7 Kg7 30. Ke2 Kf6 31. f3 h6 32. Rc7 Bb6 33. Rc6+ Kg7
34. Re6 Nd8 35. Rg6+ Kh7 36. Kd3 Nb7 37. Ke4 Nd8 38. Rd6 Nf7 39. Rd7 Kg7 40. Kf5
Be3 41. Ke4 1-0

[Event "FIDE World Rapid Team"]
[Site "London ENG"]
[Date "2025.06.11"]
[Round "4.4"]
[White "Vincent, Trevor"]
[Black "Camacho Collados, Marcos"]
[Result "0-1"]
[BlackTitle "IM"]
[WhiteElo "2226"]
[BlackElo "2462"]
[WhiteTeam "ChessbrahTV"]
[BlackTeam "Duobeniajan Costa Calida ESJ"]
[WhiteFideId "2605600"]
[BlackFideId "2266237"]
[EventDate "2025.06.11"]
[EventType "team"]

1. Nf3 Nf6 2. c4 e6 3. d4 a6 4. g3 b5 5. Bg2 Bb7 6. Qb3 Nc6 7. Qd3 Nb4 8. Qd1
Be4 9. Na3 bxc4 10. O-O d5 11. Ne5 Bxg2 12. Kxg2 Bd6 13. Qa4+ Nd7 14. Bd2 Bxe5
15. dxe5 a5 16. f4 Na6 17. Bxa5 Nc5 18. Qb4 O-O 19. Nb5 Na6 20. Qc3 Qb8 21. a4
Ndc5 22. b4 Nxa4 23. Rxa4 Qxb5 24. Rfa1 h6 25. e3 Rfb8 26. Qc2 c5 27. bxc5 Qb2
28. Qxb2 Rxb2+ 29. Kf3 Nxc5 30. Bc3 Rxa4 31. Bxb2 Rxa1 32. Bxa1 Kf8 33. g4 Ke8
34. Bc3 Ne4 35. Bb4 g6 36. h4 h5 37. gxh5 gxh5 38. f5 Kd7 39. Kf4 Kc6 0-1

[Event "FIDE World Rapid Team"]
[Site "London ENG"]
[Date "2025.06.11"]
[Round "4.5"]
[White "Khotenashvili, Bella"]
[Black "Garcia Martin, Marta"]
[Result "1-0"]
[WhiteTitle "GM"]
[BlackTitle "IM"]
[WhiteElo "2418"]
[BlackElo "2339"]
[WhiteTeam "Duobeniajan Costa Calida ESJ"]
[BlackTeam "ChessbrahTV"]
[WhiteFideId "13602640"]
[BlackFideId "32084030"]
[EventDate "2025.06.11"]
[EventType "team"]

1. Nf3 Nf6 2. g3 b6 3. Bg2 Bb7 4. O-O g6 5. d3 Bg7 6. e4 O-O 7. c4 c5 8. Nc3 Nc6
9. Bg5 h6 10. Bf4 d6 11. Qd2 g5 12. Be3 Ng4 13. a3 e6 14. Rad1 a6 15. h3 Nxe3
16. Qxe3 Nd4 17. Qd2 b5 18. cxb5 Nxb5 19. Nxb5 axb5 20. h4 Bf6 21. hxg5 hxg5 22.
Rfe1 Rb8 23. d4 g4 24. Nh2 cxd4 25. Nxg4 Bg7 26. f4 f5 27. exf5 exf5 28. Nf2
Bxg2 29. Kxg2 Qd7 30. Qd3 b4 31. a4 d5 32. Qb3 Bf6 33. Nd3 Rfe8 34. Ne5 Bxe5 35.
fxe5 Qa7 36. Qxd5+ Kg7 37. Qxd4 Qa8+ 38. Qd5 Qxa4 39. e6 Qa8 40. Qxa8 Rxa8 41.
Rd7+ Kf6 42. Rf7+ Kg6 43. Rb7 Kf6 44. e7 Ra2 45. Re2 Ra6 46. Kf3 Rd6 47. Rxb4
Rxe7 48. Rxe7 Kxe7 49. Kf4 Kf6 50. Rc4 Rd2 51. Rc6+ Kf7 52. Rb6 Rf2+ 53. Ke3 Rf1
54. Rc6 Rb1 55. Rc2 Ke6 56. Kd4 Kd6 57. Kc4 Rg1 58. Rc3 Kc6 59. Rf3 Kb6 60. Kd5
Rg2 61. b3 Kb5 62. Ke5 1-0

[Event "FIDE World Rapid Team"]
[Site "London ENG"]
[Date "2025.06.11"]
[Round "4.6"]
[White "Stojsin, Nikola"]
[Black "Torres, Lucas"]
[Result "0-1"]
[WhiteElo "1716"]
[BlackElo "1897"]
[WhiteTeam "ChessbrahTV"]
[BlackTeam "Duobeniajan Costa Calida ESJ"]
[WhiteFideId "39923894"]
[BlackFideId "1769464"]
[EventDate "2025.06.11"]
[EventType "team"]

1. e4 e6 2. d4 d5 3. Nc3 Nf6 4. e5 Nfd7 5. Nce2 c5 6. c3 Nc6 7. f4 Be7 8. Nf3
Qb6 9. h4 O-O 10. Qb3 f6 11. Qxb6 axb6 12. Be3 cxd4 13. Nexd4 Nc5 14. Bb5 Bd7
15. O-O Ne4 16. a3 Bc5 17. c4 Nxd4 18. Bxd7 Ne2+ 19. Kh2 Bxe3 20. Bxe6+ Kh8 21.
Bxd5 Bxf4+ 22. Kh3 N2g3 23. Rfe1 Nf2+ 24. Kh2 Nd3 25. Red1 Ne2+ 26. g3 Bxg3+ 27.
Kg2 Ndf4+ 28. Kf1 fxe5 29. Rd2 Nxd5 30. Kxe2 Nf4+ 31. Ke3 Ng6 32. Rd7 Rad8 33.
Rad1 Rxd7 34. Rxd7 Nxh4 35. Nxh4 Bxh4 36. Rxb7 h5 37. Ke4 Bf2 38. Kxe5 h4 39.
Rd7 h3 40. Rd3 h2 41. Rh3+ Kg8 42. b4 Rf6 43. c5 bxc5 44. bxc5 Rh6 0-1

[Event "FIDE World Rapid Team"]
[Site "London ENG"]
[Date "2025.06.11"]
[Round "4.1"]
[White "Navara, David"]
[Black "Oro, Faustino"]
[Result "0-1"]
[WhiteTitle "GM"]
[BlackTitle "IM"]
[WhiteElo "2657"]
[BlackElo "2465"]
[WhiteTeam "Hetman GKS Katowice"]
[BlackTeam "Turkish Airlines Sports Club"]
[WhiteFideId "309095"]
[BlackFideId "20000197"]
[EventDate "2025.06.11"]
[EventType "team"]

1. c4 e6 2. d4 Nf6 3. Nc3 d5 4. cxd5 exd5 5. Bg5 Bb4 6. e3 h6 7. Bh4 g5 8. Bg3
Ne4 9. Ne2 h5 10. h4 Nxg3 11. Nxg3 gxh4 12. Nxh5 c6 13. Bd3 Qg5 14. Nf4 Nd7 15.
Qb3 Bd6 16. Nce2 Qe7 17. O-O-O Nf6 18. Kb1 Bg4 19. f3 Bd7 20. Qxb7 Rb8 21. Qa6
Qxe3 22. g3 h3 23. Bc2 Kf8 24. Rd3 Qf2 25. g4 Re8 26. Qxa7 Rxe2 27. Nxe2 Qxe2
28. g5 Bf5 29. gxf6 Bxd3 30. Qa8+ Qe8 31. Qxe8+ Kxe8 32. Bxd3 h2 33. Bf5 Rh6 34.
Kc2 Rxf6 35. Bg4 Rg6 36. a4 Kd8 37. a5 Kc7 38. a6 Kb6 39. Ra1 Ka7 40. Kd3 f5 0-1

[Event "FIDE World Rapid Team"]
[Site "London ENG"]
[Date "2025.06.11"]
[Round "4.2"]
[White "Ahmad, Khagan"]
[Black "Klimkowski, Jan"]
[Result "1-0"]
[WhiteTitle "IM"]
[BlackTitle "GM"]
[WhiteElo "2394"]
[BlackElo "2508"]
[WhiteTeam "Turkish Airlines Sports Club"]
[BlackTeam "Hetman GKS Katowice"]
[WhiteFideId "13431552"]
[BlackFideId "21856222"]
[EventDate "2025.06.11"]
[EventType "team"]

1. e4 c5 2. Nf3 d6 3. d4 cxd4 4. Nxd4 Nf6 5. Nc3 a6 6. Be3 e5 7. Nb3 Be7 8. f3
Be6 9. Qd2 h5 10. Be2 Qc7 11. Nd5 Nxd5 12. exd5 Bf5 13. O-O Nd7 14. c4 O-O 15.
Na5 h4 16. b4 Nb8 17. c5 dxc5 18. Rac1 b6 19. Nc4 Rd8 20. bxc5 bxc5 21. Rfd1 Bf8
22. d6 Qb7 23. Bxc5 Nc6 24. Qd5 Rab8 25. Nxe5 Nxe5 26. Qxe5 Qb2 27. Bd4 Qxa2 28.
Bc4 1-0

[Event "FIDE World Rapid Team"]
[Site "London ENG"]
[Date "2025.06.11"]
[Round "4.4"]
[White "Xu, Yuanyuan"]
[Black "Cieslak, Patryk"]
[Result "1-0"]
[WhiteTitle "WGM"]
[BlackTitle "FM"]
[WhiteElo "2300"]
[BlackElo "2442"]
[WhiteTeam "Turkish Airlines Sports Club"]
[BlackTeam "Hetman GKS Katowice"]
[WhiteFideId "8601089"]
[BlackFideId "21078882"]
[EventDate "2025.06.11"]
[EventType "team"]

1. d4 e6 2. c4 Nf6 3. Nc3 Bb4 4. Qc2 h6 5. Bd2 O-O 6. a3 Bxc3 7. Bxc3 d6 8. e4
Nfd7 9. Nf3 e5 10. dxe5 dxe5 11. Nxe5 Nxe5 12. Bxe5 Re8 13. Bc3 Qg5 14. Bd3 Bg4
15. Qd2 Qg6 16. f3 Be6 17. g4 Nd7 18. e5 Qg5 19. Qxg5 hxg5 20. O-O-O Nc5 21. Be2
Na4 22. Bd4 c5 23. Bf2 b5 24. cxb5 Bb3 25. Rd3 c4 26. Re3 Rab8 27. Bd1 Rxb5 28.
Bxb3 cxb3 29. Rhe1 Nb6 30. e6 Rc8+ 31. Kb1 fxe6 32. Rxe6 Nc4 33. R6e2 Rd5 34.
Be3 Ne5 35. Rf1 Rd3 36. Rc1 Ra8 37. Rc4 Rc3 38. bxc3 Nxc4 39. Bxg5 Rb8 40. Bc1
a5 41. a4 Rc8 42. Re7 Nb6 43. Kb2 Nxa4+ 44. Kxb3 Nc5+ 45. Kc2 Na4 46. Re3 Nb6
47. Re5 Nc4 48. Re7 Nb6 49. Ra7 Nc4 50. h4 Rf8 51. f4 Rc8 52. h5 Nd6 53. Rxa5
Ne4 54. Bb2 Nf6 55. Rg5 Kf7 56. Kd3 Rd8+ 57. Ke3 Rb8 58. Bc1 Rb1 59. Bd2 Rg1 60.
Kf3 Rf1+ 61. Kg2 Rd1 62. Be3 Ne4 63. Rf5+ Kg8 64. Bd4 Rd3 65. Re5 Nxc3 66. Bxc3
Rxc3 67. Kf2 Kf7 68. Re3 Rc1 69. Kg3 Rg1+ 70. Kf3 Rf1+ 71. Ke4 Ra1 72. Kf5 Rh1
73. Ra3 Rb1 74. Ra7+ Kg8 75. Kg5 Rb5+ 76. f5 Rb6 77. Re7 Rb4 78. Re6 Kf7 79. h6
Rb3 80. hxg7 Kxg7 81. Re7+ Kf8 82. Ra7 Rb6 83. f6 Rb4 84. Kf5 Rc4 85. g5 Rc8 86.
Kg6 Kg8 87. Rg7+ Kf8 88. Rh7 Rc6 89. Rh8# 1-0

[Event "FIDE World Rapid Team"]
[Site "London ENG"]
[Date "2025.06.11"]
[Round "4.5"]
[White "Tsatsalashvili, Keti"]
[Black "Lohia, Sohum"]
[Result "1/2-1/2"]
[WhiteTitle "WGM"]
[BlackTitle "FM"]
[WhiteElo "2305"]
[BlackElo "2364"]
[WhiteTeam "Hetman GKS Katowice"]
[BlackTeam "Turkish Airlines Sports Club"]
[WhiteFideId "13603434"]
[BlackFideId "5819369"]
[EventDate "2025.06.11"]
[EventType "team"]

1. d4 Nf6 2. c4 e6 3. Nf3 d5 4. Nc3 dxc4 5. e3 a6 6. a4 c5 7. Bxc4 Nc6 8. O-O
Be7 9. Qe2 O-O 10. Rd1 Qc7 11. h3 Rd8 12. d5 exd5 13. Nxd5 Nxd5 14. Bxd5 Nb4 15.
Bc4 Rxd1+ 16. Qxd1 Bf5 17. Qe2 Bf6 18. Ne1 Rd8 19. e4 Re8 20. f3 Be6 21. Bxe6
Rxe6 22. Be3 Bd4 23. Qf2 Qe5 24. Bxd4 cxd4 25. Rd1 Rd6 26. Qd2 a5 27. Nd3 Nxd3
28. Qxd3 g6 29. Kh1 h5 30. Qb3 b6 31. Qd3 Kg7 32. Rc1 Qf4 33. Re1 Qe5 34. Rd1
Qf4 35. Re1 Qg3 36. Qd2 d3 37. Re3 Qe5 38. Rxd3 Rxd3 39. Qxd3 Qxb2 40. Qc4 Qa1+
41. Kh2 Qe5+ 42. Kh1 Qa1+ 1/2-1/2

[Event "FIDE World Rapid Team"]
[Site "London ENG"]
[Date "2025.06.11"]
[Round "4.6"]
[White "Yildiz, Ali Aras"]
[Black "Smolinski, Wojciech"]
[Result "1/2-1/2"]
[WhiteElo "2089"]
[BlackElo "1987"]
[WhiteTeam "Turkish Airlines Sports Club"]
[BlackTeam "Hetman GKS Katowice"]
[WhiteFideId "51619822"]
[BlackFideId "21088683"]
[EventDate "2025.06.11"]
[EventType "team"]

1. e4 c5 2. Nf3 d6 3. c3 Nf6 4. Be2 Nc6 5. d4 cxd4 6. cxd4 g6 7. Nc3 Bg7 8. d5
Nb8 9. O-O O-O 10. Be3 Bg4 11. Nd4 Bxe2 12. Qxe2 Nbd7 13. h3 a6 14. Rac1 Nc5 15.
f3 Nh5 16. Rfd1 Be5 17. Qd2 Bg7 18. Bh6 Nf6 19. Bxg7 Kxg7 20. Qg5 Re8 21. b4
Ncd7 22. f4 Qb8 23. Re1 Qa7 24. Rcd1 Rac8 25. Qg3 Qb6 26. a3 Rc4 27. Qe3 Rec8
28. Na4 Qc7 29. Qf3 b5 30. Nb2 Rc3 31. Qf2 Rxa3 32. Nc6 Nb6 33. Qd4 Na4 34. Nxa4
Rxa4 35. e5 dxe5 36. Rxe5 Re8 37. Rde1 Qd6 38. Nxe7 Qxb4 39. Qxb4 Rxb4 40. Nc6
Rxe5 41. fxe5 Nxd5 42. Nxb4 Nxb4 43. e6 fxe6 44. Rxe6 1/2-1/2

[Event "FIDE World Rapid Team"]
[Site "London ENG"]
[Date "2025.06.11"]
[Round "4.1"]
[White "Rakotomaharo, Fy Antenaina"]
[Black "Shirov, Alexei"]
[Result "0-1"]
[WhiteTitle "IM"]
[BlackTitle "GM"]
[WhiteElo "2441"]
[BlackElo "2620"]
[WhiteTeam "Mother Continent"]
[BlackTeam "Global Ramblers"]
[WhiteFideId "13100050"]
[BlackFideId "2209390"]
[EventDate "2025.06.11"]
[EventType "team"]

1. e4 e6 2. d4 d5 3. e5 c5 4. c3 Nc6 5. Nf3 Bd7 6. Be2 Nge7 7. Na3 cxd4 8. cxd4
Nf5 9. Nc2 Be7 10. O-O O-O 11. Bd2 f6 12. exf6 gxf6 13. b4 Bd6 14. b5 Nce7 15.
Bb4 Bxb4 16. Nxb4 Qa5 17. Nd3 b6 18. Nf4 Ng6 19. Nxg6 hxg6 20. Qb3 Rac8 21. Rfc1
Nd6 22. a4 Ne4 23. Bd3 Kg7 24. Qa3 Rc3 25. Rxc3 Qxc3 26. Bxe4 Qxa3 27. Rxa3 dxe4
28. Nd2 Rc8 29. Kf1 f5 30. f3 Rc2 31. Ke2 exf3+ 32. gxf3 Kf6 33. f4 g5 34. fxg5+
Kxg5 35. Kd3 Rc1 36. Rc3 Ra1 37. Rc7 Be8 38. Re7 Ra3+ 39. Kc2 Bg6 40. Rxe6 f4+
41. Kb2 Rd3 42. Kc1 f3 43. h4+ Kf5 44. Re4 f2 45. Re5+ Kf4 46. Nf1 Rxd4 47. Re2
Kf3 48. Re6 Bd3 49. Nd2+ Kg2 50. Re7 Rc4+ 51. Kd1 Rxa4 52. Rg7+ Kh3 53. Kc1 Ra1+
54. Kb2 Rd1 0-1

[Event "FIDE World Rapid Team"]
[Site "London ENG"]
[Date "2025.06.11"]
[Round "4.2"]
[White "Dudin, Gleb"]
[Black "Wanyama, Harold"]
[Result "1-0"]
[WhiteTitle "GM"]
[BlackTitle "FM"]
[WhiteElo "2574"]
[BlackElo "2143"]
[WhiteTeam "Global Ramblers"]
[BlackTeam "Mother Continent"]
[WhiteFideId "34184934"]
[BlackFideId "10000380"]
[EventDate "2025.06.11"]
[EventType "team"]

1. d4 d5 2. c4 e6 3. Nc3 Be7 4. cxd5 exd5 5. Bf4 c6 6. e3 Bf5 7. g4 Be6 8. h4
Nd7 9. h5 f5 10. gxf5 Bxf5 11. Nge2 Ngf6 12. Ng3 Be6 13. Bd3 Qb6 14. Qc2 c5 15.
O-O-O Rc8 16. Kb1 Qa5 17. Nf5 Bf8 18. dxc5 Nxc5 19. h6 gxh6 20. Nd4 Nxd3 21.
Nxe6 Nb4 22. Qb3 Be7 23. a3 d4 24. axb4 1-0

[Event "FIDE World Rapid Team"]
[Site "London ENG"]
[Date "2025.06.11"]
[Round "4.3"]
[White "George Samir, David"]
[Black "Shabalov, Alexander"]
[Result "0-1"]
[WhiteTitle "FM"]
[BlackTitle "GM"]
[WhiteElo "2356"]
[BlackElo "2483"]
[WhiteTeam "Mother Continent"]
[BlackTeam "Global Ramblers"]
[WhiteFideId "10657789"]
[BlackFideId "2008572"]
[EventDate "2025.06.11"]
[EventType "team"]

1. e4 g6 2. d4 Bg7 3. Nc3 d6 4. f4 a6 5. Be2 b5 6. e5 Nd7 7. Bf3 Rb8 8. Nge2 Nh6
9. g4 c5 10. dxc5 Nxc5 11. Nd4 dxe5 12. fxe5 Bb7 13. Be3 O-O 14. Qe2 b4 15. Nd1
Nxg4 16. Bxg4 Bxh1 17. Nf2 Bd5 18. Nb3 Nxb3 19. axb3 Bxe5 20. Nd3 Bg7 21. Rxa6
e6 22. Qf2 Ra8 23. Rb6 Be4 24. Be2 Ra1+ 25. Kd2 Bxb2 26. Rxb4 Bc1+ 27. Kc3 Qc7+
28. Rc4 Qa5+ 29. Nb4 Bxe3 30. Qxe3 Qe5+ 31. Rd4 Rc8+ 32. Bc4 Rxc4+ 33. bxc4 Ra3+
34. Kb2 Rxe3 0-1

[Event "FIDE World Rapid Team"]
[Site "London ENG"]
[Date "2025.06.11"]
[Round "4.4"]
[White "Reprintsev, Alexander"]
[Black "Mhango, Banele"]
[Result "0-1"]
[WhiteTitle "IM"]
[BlackTitle "FM"]
[WhiteElo "2256"]
[BlackElo "2236"]
[WhiteTeam "Global Ramblers"]
[BlackTeam "Mother Continent"]
[WhiteFideId "14100541"]
[BlackFideId "14327040"]
[EventDate "2025.06.11"]
[EventType "team"]

1. e4 c5 2. b3 d5 3. exd5 Qxd5 4. Nc3 Qd8 5. Bb2 Nc6 6. Ne4 b6 7. Bb5 Bb7 8. Qf3
Qc7 9. O-O-O a6 10. Bc4 e6 11. Qg3 Qxg3 12. hxg3 Nb4 13. Ng5 Bxg2 14. Rh2 Bb7
15. a3 Nc6 16. Nxh7 O-O-O 17. Rh3 Nd4 18. Nxf8 Rxh3 19. Nxe6 fxe6 20. Nxh3 b5
21. Bxd4 bxc4 22. Bxg7 cxb3 23. cxb3 Rd3 24. Bc3 Kd7 25. Re1 Rf3 26. Re5 Kd6 27.
Rg5 Ne7 28. Be5+ Kc6 29. Kb2 Nd5 30. Rg6 Bc8 31. Rg7 Bd7 32. Rh7 Nb6 33. Bf4 Rd3
34. Be3 c4 35. b4 Na4+ 36. Ka2 c3 37. dxc3 Nxc3+ 38. Kb2 Na4+ 39. Kc2 Rxa3 40.
Nf4 e5 41. Rh6+ Kb5 42. Ne6 Kxb4 43. Bd2+ Kc4 44. Rh4+ Kd5 45. Nc7+ Kc6 46. Rc4+
Kb7 47. Bc1 Ra2+ 48. Kb3 Rxf2 49. Nd5 Nb6 50. Rc7+ Kb8 51. Rc5 Be6 52. Kb4 Nxd5+
53. Ka4 Rf3 54. Bb2 Kb7 55. Ka5 Rb3 56. Bc1 Nb6 57. g4 Bxg4 58. Rxe5 Bd7 59. Rc5
Bb5 60. Bg5 Nc4+ 0-1

[Event "FIDE World Rapid Team"]
[Site "London ENG"]
[Date "2025.06.11"]
[Round "4.5"]
[White "QUICKPEN, Deborah Ebimobo-ere"]
[Black "Zatonskih, Anna"]
[Result "0-1"]
[WhiteTitle "WCM"]
[BlackTitle "IM"]
[WhiteElo "2081"]
[BlackElo "2306"]
[WhiteTeam "Mother Continent"]
[BlackTeam "Global Ramblers"]
[WhiteFideId "8511616"]
[BlackFideId "14101572"]
[EventDate "2025.06.11"]
[EventType "team"]

1. c4 e5 2. g3 g6 3. Bg2 Bg7 4. Nc3 d6 5. Nf3 f5 6. d3 Nf6 7. O-O O-O 8. h3 h6
9. e4 f4 10. gxf4 Nh5 11. f5 gxf5 12. Nxe5 dxe5 13. Qxh5 f4 14. Rd1 Nc6 15. f3
Be6 16. Nd5 Bf7 17. Qg4 h5 18. Qf5 Nd4 19. Qxf7+ Rxf7 20. b3 c6 21. Nc3 Bf6 22.
Bb2 Rg7 23. Kh1 Kh8 24. Na4 Nc2 25. Rac1 Ne3 26. Rd2 Nxg2 27. Rxg2 Rxg2 28. Kxg2
Qxd3 29. Bc3 Rg8+ 30. Kh2 Qe2+ 31. Kh1 Qg2# 0-1

[Event "FIDE World Rapid Team"]
[Site "London ENG"]
[Date "2025.06.11"]
[Round "4.1"]
[White "Atlas, Valery"]
[Black "O'Gorman, Tom"]
[Result "1/2-1/2"]
[WhiteTitle "IM"]
[BlackTitle "IM"]
[WhiteElo "2401"]
[BlackElo "2379"]
[WhiteTeam "Perfect"]
[BlackTeam "Oxbridge"]
[WhiteFideId "12000035"]
[BlackFideId "2508249"]
[EventDate "2025.06.11"]
[EventType "team"]

1. e4 e5 2. Nf3 Nc6 3. Bc4 Bc5 4. c3 Nf6 5. d3 d6 6. a4 a6 7. O-O Ba7 8. Na3 O-O
9. Nc2 Be6 10. Bxe6 fxe6 11. Qe2 Qe8 12. Be3 Bxe3 13. Nxe3 Nh5 14. g3 h6 15. Nd2
Qg6 16. Qg4 Qxg4 17. Nxg4 Nf6 18. Ne3 Kf7 19. b4 Ke7 20. b5 Nb8 21. Nec4 Nbd7
22. Nb3 b6 23. f3 Ra7 24. d4 Rfa8 25. Kf2 axb5 26. axb5 Ra2+ 27. Ke3 R8a4 28.
Rxa2 exd4+ 29. Nxd4 Rxa2 30. Rf2 Rxf2 31. Kxf2 e5 32. Nc6+ Ke6 33. Nb4 d5 34.
exd5+ Nxd5 35. Na6 Ke7 36. Ke1 Nxc3 37. Nxc7 Na4 38. h4 g6 39. Kd2 Kf6 40. Kc2
h5 41. Kb3 Nac5+ 42. Kc3 g5 43. Nd5+ Kf5 44. hxg5 Kxg5 45. Ndxb6 Nxb6 46. Nxb6
e4 47. fxe4 Nxe4+ 48. Kd3 Nd6 49. Nd5 1/2-1/2

[Event "FIDE World Rapid Team"]
[Site "London ENG"]
[Date "2025.06.11"]
[Round "4.2"]
[White "Sivakumar, Ashvin"]
[Black "Zlotnik, Boris A"]
[Result "1-0"]
[WhiteTitle "FM"]
[BlackTitle "IM"]
[WhiteElo "2175"]
[BlackElo "2433"]
[WhiteTeam "Oxbridge"]
[BlackTeam "Perfect"]
[WhiteFideId "5804655"]
[BlackFideId "4101413"]
[EventDate "2025.06.11"]
[EventType "team"]

1. d4 Nf6 2. Nf3 e6 3. c4 Bb4+ 4. Nbd2 d5 5. e3 O-O 6. Qc2 b6 7. cxd5 exd5 8.
Bd3 Bb7 9. Ne5 Bd6 10. O-O c5 11. Ndf3 c4 12. Bf5 g6 13. Bh3 Ne4 14. Nd2 Ng5 15.
Bg4 f5 16. Be2 Kg7 17. b3 cxb3 18. Qxb3 Qe7 19. Bb2 Nd7 20. Rac1 Nf6 21. Rc2
Rfc8 22. Rfc1 Rxc2 23. Rxc2 Rc8 24. Ndf3 Nxf3+ 25. Bxf3 Rxc2 26. Qxc2 Qe8 27.
Be2 Qc8 28. Qd3 Qc7 29. h4 a6 30. a4 Nd7 31. Nf3 Nf6 32. Ne5 Ne4 33. h5 Be7 34.
hxg6 hxg6 35. Qb3 Bd6 36. Qd3 Bb4 37. g4 Bc3 38. Ba3 Bc8 39. f3 Ng5 40. Qc2 Ne6
41. gxf5 Nf4 42. f6+ Kxf6 43. Bf1 Bf5 44. Qh2 Nh5 45. Ng4+ Bxg4 46. Qxc7 Bd2 47.
Qe7+ Kf5 48. Qe5# 1-0

[Event "FIDE World Rapid Team"]
[Site "London ENG"]
[Date "2025.06.11"]
[Round "4.3"]
[White "Slavin, Gennadie"]
[Black "Goh, Jinghan Cameron"]
[Result "1-0"]
[WhiteElo "2207"]
[BlackElo "2178"]
[WhiteTeam "Perfect"]
[BlackTeam "Oxbridge"]
[WhiteFideId "4104870"]
[BlackFideId "5804540"]
[EventDate "2025.06.11"]
[EventType "team"]

1. e4 c5 2. Nf3 e6 3. c3 d5 4. e5 d4 5. Bb5+ Bd7 6. Bxd7+ Qxd7 7. cxd4 cxd4 8.
d3 Nc6 9. O-O h6 10. h4 g5 11. hxg5 Bg7 12. Re1 Nge7 13. Na3 O-O-O 14. Nc4 Ng6
15. b4 hxg5 16. b5 Ncxe5 17. Nfxe5 Nxe5 18. Nxe5 Bxe5 19. Rxe5 f6 20. Rc5+ Kb8
21. Qf3 Qd6 22. Qg3 e5 23. Ba3 Qe6 24. Rac1 Rh7 25. Qf3 Rdh8 26. Kf1 Qxa2 27.
Rc8+ Rxc8 28. Bd6+ Rcc7 29. Bxc7+ Rxc7 30. Rxc7 Qb1+ 31. Ke2 Kxc7 32. Qxf6 Qc2+
33. Ke1 Qxd3 34. Qxe5+ Kb6 35. Qxg5 Qc3+ 36. Qd2 Qa1+ 37. Ke2 Kxb5 38. g4 Kc5
39. g5 a5 40. g6 a4 41. Qc2+ Kd6 42. g7 Qg1 43. Qh7 Qg4+ 44. Kd3 Qd1+ 45. Kc4
b5+ 46. Kxb5 Qb3+ 47. Ka5 Qc3+ 48. Kxa4 1-0

[Event "FIDE World Rapid Team"]
[Site "London ENG"]
[Date "2025.06.11"]
[Round "4.4"]
[White "Gallagher, Daniel GH"]
[Black "Arakhamia-Grant, Ketevan"]
[Result "1-0"]
[BlackTitle "GM"]
[WhiteElo "2251"]
[BlackElo "2269"]
[WhiteTeam "Oxbridge"]
[BlackTeam "Perfect"]
[WhiteFideId "436550"]
[BlackFideId "13600168"]
[EventDate "2025.06.11"]
[EventType "team"]

1. Nf3 Nf6 2. g3 g6 3. Bg2 Bg7 4. d4 O-O 5. O-O d6 6. Nc3 Nbd7 7. a4 e5 8. dxe5
dxe5 9. a5 c6 10. Nd2 Nc5 11. Nc4 Qd4 12. Nd6 Rd8 13. Be3 Qb4 14. Na2 Qxb2 15.
Bxc5 Be6 16. Qc1 Qxc1 17. Nxc1 Nd7 18. Nxb7 Rdc8 19. Be3 e4 20. Ra4 f5 21. Nc5
Nxc5 22. Bxc5 a6 23. Nb3 Rd8 24. Nd4 Bf7 25. Bb6 Rd6 26. e3 Rc8 27. Rb1 c5 28.
Nb3 c4 29. Nd4 Be5 30. Bf1 Kg7 31. Rbb4 Be8 32. Rxc4 Rxc4 33. Rxc4 1-0